یاد کیسے ہمارے رہنما / (Record no. 108228)

MARC details
000 -LEADER
fixed length control field 00518nam a22001817a 4500
005 - DATE AND TIME OF LATEST TRANSACTION
control field 20200615105503.0
010 ## - LCCN (DPL NO)
LC control number A-998689
020 ## - INTERNATIONAL STANDARD BOOK NUMBER
Terms of availability 35.00
035 ## - SYSTEM CONTROL NUMBER
System control number A-998689
037 ## - SOURCE OF ACQUISITION
Source of stock number/acquisition Cen Lib/Ret
082 ## - DEWEY DECIMAL CLASSIFICATION NUMBER
Classification number 920
100 ## - MAIN ENTRY--PERSONAL NAME
Personal name فرحت قمر
245 ## - TITLE STATEMENT
Title یاد کیسے ہمارے رہنما /
Statement of responsibility, etc فرحت قمر
246 ## - VARYING FORM OF TITLE
Title proper/short title Yaad Kise Hmare Rehnuma /
Remainder of title by Farhat Qamar
260 ## - PUBLICATION, DISTRIBUTION, ETC. (IMPRINT)
Place of publication, distribution, etc New Delhi
Name of publisher, distributor, etc Children Book Trust
Date of publication, distribution, etc 1996 ء
300 ## - PHYSICAL DESCRIPTION
Extent 149p.
Dimensions 19cm(Hb)
942 ## - ADDED ENTRY ELEMENTS (KOHA)
Source of classification or shelving scheme Dewey Decimal Classification
Item type Urdu Bks
Classification part 920
Call number suffix ف ر ح
Holdings
Withdrawn status Lost status Not for loan Collection code Home library Current library Date acquired Source of acquisition Cost, normal purchase price Full call number Barcode Copy number Cost, replacement price Koha item type
      Non-fiction Central Library Central Library 15/01/2016 Cen Lib/Ret 35.00 920 ف ر ح A-998689 1 35.00 Urdu Bks

© Delhi Public Library
Hit Counter
free hit counter